000 00295nam a22001337a 4500
008 170130b xxu||||| |||| 00| 0 eng d
020 _a9780387955421
041 _aeng
080 _a61
100 _a3S
101 _aSHMI
245 _aQUEST OF TOMORROW'S MEDICINES
_cDREWS, J
942 _2udc
_cBK
999 _c3990
_d3990